000 00796nam a2200253Ia 4500
003 OSt
005 20220927112119.0
006 a|||||r|||| 00| 0
007 ta
008 220926b |||||||| |||| 00| 0 eng d
024 _a109732
037 _cReports
040 _aRTL
_cRTL
_beng
041 _2eng
_aeng
082 _a"X9(M71):76.2.N60t, K2"
110 _a"India, Government Of .... Tariff (Commission)"
_9383162
245 0 _aReport on theprices of cotton yarn and cloth
260 _aDelhi
_bManager Of Publication India
_c1962
300 _a"ix,325p."
_ccm.
650 _aCotton Industry
_9356596
700 _a"India, Government Of .... Tariff (Commission)"
_9383163
942 _h"X9(M71):76.2.N60t, K2"
_cCC
999 _c699831
_d699831